| 000 | 00456nam a22001577a 4500 | ||
|---|---|---|---|
| 999 |
_c524751 _d524751 |
||
| 003 | NUST | ||
| 038 | _aMr. Zahoor | ||
| 082 | _a621.3 | ||
| 100 |
_aAnaum Saad Khan _915544 |
||
| 245 |
_aEngine Transmission Faults Detection by analyzing Engine Sound / _cAnaum Saad Khan |
||
| 260 |
_aIslamabad : _bCEME - NUST, _c2014. |
||
| 300 |
_axi, 33 p. : ill. ; _c30 cm. |
||
| 500 | _aHardcover. | ||
| 600 | _2Electrical Engineering - MS Thiesis | ||
| 942 |
_2ddc _cTHE |
||